000 00282nam a22001337a 4500
008 210303b ||||| |||| 00| 0 eng d
020 _a9780321598462
041 _aeng
080 _29th
_a573
100 _a11
101 _aBIO
245 _aBiology
_cAudesirk,T
942 _2udc
_cBK
999 _c55671
_d55671